LEADER 01361nam a2200313 i 4500 001 000000218600 003 CaOOAMICUS 005 20130212000000.0 008 130212s2003 it u000 u ita u 013 $a197497 020 $a88-384-4816-7 040 $aSeMil$bita 100 1 $aLaurentin, René,$d<1917-2017>.$0(OLS)http://semarc/name/89095 240 10$aDieu existe : en voici les preuves.$0(OLS)http://semarc/title/313801 245 10$aDio esiste ecco le prove /$cRené Laurentin ; prefazione di Vittorio Messori ; traduzione di Maurizio Scagliotti. 250 $a2. ed. 260 $aCasale Monferrato :$bPiemme pocket,$c2003. 300 $a190 p. ;$c20 cm. 490 0 $aPiemme pocket ;$v43 650 4$aDio - Esistenza - Prove.$0(OLS)http://semarc/subject/3962 700 1 $aScagliotti, Maurizio.$0(OLS)http://semarc/name/53563 700 1 $aMessori, Vittorio,$d<1941- >.$0(OLS)http://semarc/name/16978 830 0$aPiemme pocket ;$v43.$0(OLS)http://semarc/title/38027 850 $aSeMil 852 $aSeMil$W1$xVenegono$y1$m2D II 431$j169007$B169007$CSeMilBibl$Z2$F180409 $81 961 $aOmaggio: Altro 996 $6020$a88-384-4816-7$9(OLS)http://semarc/number/216365 996 $6245$aDio esiste ecco le prove$9(OLS)http://semarc/title/313800 996 $6260$aCasale Monferrato :$bPiemme pocket$9(OLS)http://semarc/publisher/37589 LEADER 01491nam a2200349 i 4500 001 000000037779 003 CaOOAMICUS 005 20230307103656.0 008 050218s1983 xx u000 u mul u 040 $aSeMil$bita 100 0 $aAristophanes,$d<445-385 a.C.>.$0(OLS)http://semarc/name/3333 240 10$aBátrachoi.$0(OLS)http://semarc/title/443024 245 13$aLe rane /$cAristofane ; a cura di Dario Del Corno. 264 1$a[Milano] :$bFondazione Lorenzo Valla,$c1983. 264 1$a[Milano] :$bArnoldo Mondadori Editore,$c1983. 300 $aXLIII, 257 p. ;$c21 cm. 490 1 $aScrittori greci e latini 541 0 $aFondo Ciprandi (1ZA A 12/9) 546 $aTesto greco a fronte 700 1 $aDel Corno, Dario,$d<1933-2010>.$0(OLS)http://semarc/name/8755 773 0 $aAristophanes <445-385 a.C.>$tCommedie.$d[Milano] : Fondazione Lorenzo Valla : Mondadori, 1989-$kScrittori greci e latini$w()11370 830 0$aScrittori greci e latini.$0(OLS)http://semarc/title/137 850 $aSeMil 852 $aSeMil$W1$xVenegono$y1$m1ZA A 12/9$j239671$B3934$CSeMilBibl$Z2$F3934 $81 900 0 $aAristofane. 941 1 $a1 961 $aOmaggio: Ciprandi dott. Paolo 996 $6245$aLe rane$9(OLS)http://semarc/title/53047 996 $6264$a[Milano] :$bArnoldo Mondadori Editore$9(OLS)http://semarc/publisher/29634 996 $6264$a[Milano] :$bFondazione Lorenzo Valla$9(OLS)http://semarc/publisher/29633